Countries Closest to Iran - Statistics

General Stats
  • This quiz has been taken 3,494 times
  • The average score is 18 of 20
Answer Stats
km country miles % Correct
0 Iraq 0
99%
0 Afghanistan 0
95%
0 Pakistan 0
95%
147 Saudi Arabia 92
95%
0 Turkmenistan 0
93%
596 India 370
92%
0 Turkey 0
92%
0 Armenia 0
90%
0 Azerbaijan 0
90%
182 Syria 113
90%
20 Kuwait 13
89%
51 Oman 32
89%
189 Georgia 118
88%
188 Qatar 117
88%
97 United Arab Emirates 60
88%
329 Uzbekistan 205
88%
165 Russia 103
84%
191 Bahrain 119
83%
593 Tajikistan 368
83%
342 Kazakhstan 213
75%
No matching quizzes found
Score Distribution
Percent of People with Each Score
Percentile by Number Answered
Your Score History
You have not taken this quiz